000 00263nam a22001217a 4500
008 170306b xxu||||| |||| 00| 0 eng d
041 _aeng
080 _a575
100 _a6
101 _aSHM
245 _aTEXTBOOK OF HUMAN GENETICS
_cLEVITAN, M
942 _2udc
_cBK
999 _c6799
_d6799